[Event "Deutsche Ländermeisterschaft 2013"]
[Site "Hannover GER"]
[Date "2013.10.03"]
[Round "3"]
[White "Wiesner, Paula"]
[Black "Flüchter, Gregor"]
[Result "0-1"]
[Termination "normal"]
[Board "3.5"]
[WhiteTitle "14w"]
[BlackTitle "14"]
[WhiteElo "1855"]
[BlackElo "2021"]
[WhiteTeam "Baden"]
[BlackTeam "Nordrhein-Westfalen"]
[WhiteFideId "24654019"]
[BlackFideId "12903396"]
[EventCountry "GER"]
[EventRounds "7"]
[EventType "team-swiss"]
[EventDate "2013.10.02"]

1. e4 c5 2. c3 Nf6 3. e5 Nd5 4. d4 cxd4 5. Nf3 Nc6 6. Bc4 Nb6 7. Bb3 d5 8. exd6
Qxd6 9. O-O Be6 10. Bxe6 Qxe6 11. cxd4 Qd7 12. Nc3 e6 13. a3 Be7 14. Qd3 O-O
15. Rd1 Rfd8 16. Be3 Nd5 17. Ne4 Nf6 18. Rac1 Nxe4 19. Qxe4 Qd5 20. Qg4 Rac8
21. Rd2 Ne5 22. Nxe5 Rxc1+ 23. Rd1 Rxd1+ 24. Qxd1 Qxe5 0-1

[Event "Deutsche Ländermeisterschaft 2013"]
[Site "Hannover GER"]
[Date "2013.10.03"]
[Round "3"]
[White "Savchenko, Daniel"]
[Black "Weis, Olga"]
[Result "1/2-1/2"]
[Termination "normal"]
[Board "3.6"]
[WhiteTitle "12"]
[BlackTitle "14w"]
[WhiteElo "1751"]
[BlackElo "1730"]
[WhiteTeam "Nordrhein-Westfalen"]
[BlackTeam "Baden"]
[WhiteFideId "12919195"]
[BlackFideId "1270234"]
[EventCountry "GER"]
[EventRounds "7"]
[EventType "team-swiss"]
[EventDate "2013.10.02"]

1. e4 e5 2. Nf3 Nc6 3. Bb5 a6 4. Ba4 Nf6 5. d4 exd4 6. e5 Ne4 7. O-O Be7 8.
Nxd4 Nxd4 9. Qxd4 Nc5 10. Bb3 O-O 11. Nc3 d6 12. Nd5 Nxb3 13. axb3 dxe5 14.
Qxe5 Bd6 15. Qh5 Be6 16. Nc3 Qf6 17. Ne4 Qe5 18. Qxe5 Bxe5 19. Nc5 Bd5 20. Nd7
Rfe8 21. Ra5 c6 22. c4 Bc7 23. Ra1 Be6 24. Nc5 Rab8 25. Be3 Be5 26. Rad1 Bxb2
27. Bf4 Rbd8 28. Nxb7 Rxd1 29. Rxd1 Bf5 30. h3 Bg6 31. Na5 Be4 32. f3 Bc2 33.
Rd2 Bc3 34. Rxc2 Bxa5 35. Ra2 Bb6+ 36. Kf1 a5 37. Bd2 c5 38. Ra1 Ra8 39. b4
cxb4 40. Bxb4 a4 41. Bd6 Bd4 42. Ra2 f6 43. Ke2 Kf7 44. Kd3 Bg1 45. c5 Ke6 46.
Kc4 a3 47. Re2+ Kd7 48. Kd5 Ra5 49. Re7+ Kc8 50. Kc6 Ra6+ 51. Kd5 Ra5 52. Kc6
1/2-1/2

[Event "Deutsche Ländermeisterschaft 2013"]
[Site "Hannover GER"]
[Date "2013.10.03"]
[Round "3"]
[White "Wiesner, Alexander"]
[Black "Bork, Sophie"]
[Result "1-0"]
[Termination "normal"]
[Board "3.7"]
[WhiteTitle "12"]
[BlackTitle "16w"]
[WhiteElo "1649"]
[BlackElo "1536"]
[WhiteTeam "Baden"]
[BlackTeam "Nordrhein-Westfalen"]
[WhiteFideId "12943991"]
[BlackFideId "12905429"]
[EventCountry "GER"]
[EventRounds "7"]
[EventType "team-swiss"]
[EventDate "2013.10.02"]

1. f4 d5 2. b3 e6 3. Bb2 Nf6 4. Nf3 Bd6 5. e3 c5 6. Be2 Nc6 7. Bb5 Bd7 8. Bxc6
Bxc6 9. O-O O-O 10. d3 Qe7 11. Nbd2 Rad8 12. Qe2 Rfe8 13. Ne5 Kh8 14. Ndf3 h6
15. a4 Bc7 16. Rad1 Bb6 17. Kh1 Bc7 18. Rg1 Kh7 19. g4 Nd7 20. g5 Nxe5 21. Bxe5
Bxe5 22. Nxe5 Rg8 23. Qh5 Be8 24. Qh4 Qc7 25. gxh6 g6 26. Ng4 Kh8 27. Nf6 Rf8
28. Nxe8 Rdxe8 29. Qf6+ 1-0

[Event "Deutsche Ländermeisterschaft 2013"]
[Site "Hannover GER"]
[Date "2013.10.03"]
[Round "3"]
[White "Möller, Lisa-Marie"]
[Black "Lohrmann, Tabea"]
[Result "1/2-1/2"]
[Termination "normal"]
[Board "3.8"]
[WhiteTitle "12w"]
[BlackTitle "12w"]
[WhiteElo "1488"]
[BlackElo "1547"]
[WhiteTeam "Nordrhein-Westfalen"]
[BlackTeam "Baden"]
[WhiteFideId "12959367"]
[BlackFideId "12911941"]
[EventCountry "GER"]
[EventRounds "7"]
[EventType "team-swiss"]
[EventDate "2013.10.02"]

1. e4 e5 2. Bc4 Nf6 3. d4 exd4 4. Nf3 d6 5. Qxd4 Nc6 6. Qd1 Be7 7. O-O O-O 8.
Nc3 Bg4 9. Be2 Qd7 10. Be3 h6 11. Nd4 Nxd4 12. Bxd4 Bxe2 13. Qxe2 Rfe8 14. Rad1
c6 15. Qf3 Qe6 16. Rfe1 c5 17. Be3 a6 18. Bf4 b5 19. e5 dxe5 20. Rxe5 Qc8 21.
Rde1 Ra7 22. Nd5 Nxd5 23. Qxd5 c4 24. Qe4 Qd8 25. Be3 Rd7 26. Bc5 Kf8 27. Qh7
f6 28. Bxe7+ Rdxe7 29. Qh8+ Kf7 30. Qxe8+ Qxe8 31. Rxe7+ Qxe7 32. Rxe7+ Kxe7
33. Kf1 Kd6 34. Ke2 Ke5 35. Ke3 g5 36. g4 b4 37. c3 bxc3 38. bxc3 1/2-1/2

[Event "Deutsche Ländermeisterschaft 2013"]
[Site "Hannover GER"]
[Date "2013.10.03"]
[Round "3"]
[White "Bräuer, Franz"]
[Black "Powierski, Emil"]
[Result "1/2-1/2"]
[Termination "normal"]
[Board "4.1"]
[WhiteTitle "20"]
[BlackTitle "18"]
[WhiteElo "2282"]
[BlackElo "2210"]
[WhiteTeam "Thüringen"]
[BlackTeam "Schleswig-Holstein"]
[WhiteFideId "24634468"]
[BlackFideId "4656199"]
[EventCountry "GER"]
[EventRounds "7"]
[EventType "team-swiss"]
[EventDate "2013.10.02"]

1. d4 Nf6 2. c4 e6 3. Nc3 Bb4 4. f3 d5 5. a3 Bxc3+ 6. bxc3 c5 7. cxd5 Nxd5 8.
dxc5 Qa5 9. e4 Nf6 10. Be3 Qc7 11. Qb3 Nfd7 12. Bb5 O-O 13. a4 Nxc5 14. Qc4 b6
15. a5 Bb7 16. axb6 axb6 17. Rxa8 Bxa8 18. Ne2 Nc6 19. O-O Rc8 20. Rb1 Na7 21.
Ba4 Bb7 22. Qb4 Ba6 23. Bd1 Bd3 24. Ra1 Nc6 25. Qa3 Na5 26. Bf2 g6 27. Qb4 Nc6
28. Qb2 Na5 29. Qb4 Nc6 30. Qb2 Na5 31. Nc1 Bc4 32. Be2 Bxe2 33. Nxe2 e5 34.
Qb5 Qc6 35. Rb1 Qxb5 36. Rxb5 Nc4 37. h4 h5 38. Kh2 Kf8 39. Nc1 Ke7 40. Na2 Kd6
41. Nb4 f5 42. Nd5 fxe4 43. Nxb6 Nxb6 44. Rxb6+ Rc6 45. Rb8 1/2-1/2

[Event "Deutsche Ländermeisterschaft 2013"]
[Site "Hannover GER"]
[Date "2013.10.03"]
[Round "3"]
[White "Krause, Benedict"]
[Black "Hoffmann, Tim"]
[Result "1-0"]
[Termination "normal"]
[Board "4.2"]
[WhiteTitle "16"]
[BlackTitle "16"]
[WhiteElo "2142"]
[BlackElo "1943"]
[WhiteTeam "Schleswig-Holstein"]
[BlackTeam "Thüringen"]
[WhiteFideId "12917990"]
[BlackFideId "12900338"]
[EventCountry "GER"]
[EventRounds "7"]
[EventType "team-swiss"]
[EventDate "2013.10.02"]

1. e4 c5 2. Nf3 d6 3. d4 cxd4 4. Nxd4 Nf6 5. Nc3 a6 6. Bg5 e6 7. f4 Nbd7 8. Qf3
Qc7 9. O-O-O Be7 10. Bd3 h6 11. Bh4 g5 12. fxg5 Ne5 13. Qe2 Nh7 14. Nf3 hxg5
15. Bg3 Nf8 16. Qe3 Nxf3 17. Qxf3 Ng6 18. Rhf1 Rf8 19. e5 Nxe5 20. Bxe5 dxe5
21. Ne4 Bd7 22. Nf6+ Bxf6 23. Qxf6 Qd8 24. Qxe5 Qe7 25. Be4 O-O-O 26. Rd3 Bc6
27. Rc3 Rd6 28. Bxc6 Rxc6 29. Rxc6+ bxc6 30. Qa5 Kb7 31. Rf3 Ra8 32. Rb3+ Kc8
33. Rc3 Kb7 34. Rb3+ Kc8 35. Qc3 Qd6 36. Qh8+ Qd8 37. Qg7 Ra7 38. Qe5 Rc7 39.
Qa5 Qf6 40. Qxa6+ Kd7 41. Rd3+ Ke7 42. Rf3 Qh6 43. Qa3+ c5 44. Qe3 Qxh2 45.
Qxg5+ Kf8 46. Qd8+ Kg7 47. Qf6+ Kg8 48. Rd3 Qg1+ 49. Rd1 Qe3+ 50. Kb1 Rd7 51.
Rh1 1-0

[Event "Deutsche Ländermeisterschaft 2013"]
[Site "Hannover GER"]
[Date "2013.10.03"]
[Round "3"]
[White "Zahn, Alina"]
[Black "Kololli, Kevin"]
[Result "1/2-1/2"]
[Termination "normal"]
[Board "4.3"]
[WhiteTitle "16w"]
[BlackTitle "14"]
[WhiteElo "1985"]
[BlackElo "1976"]
[WhiteTeam "Thüringen"]
[BlackTeam "Schleswig-Holstein"]
[WhiteFideId "24696730"]
[BlackFideId "12936863"]
[EventCountry "GER"]
[EventRounds "7"]
[EventType "team-swiss"]
[EventDate "2013.10.02"]

1. e4 c5 2. Nf3 d6 3. d4 cxd4 4. Nxd4 Nf6 5. f3 g6 6. c4 Bg7 7. Be3 Nc6 8. Nc3
O-O 9. Qd2 Nxd4 10. Bxd4 Be6 11. Rc1 Nd7 12. Be3 Qa5 13. b3 Rfc8 14. Be2 a6 15.
O-O b5 16. Nd5 Qxd2 17. Bxd2 Bxd5 18. cxd5 Bb2 19. Rxc8+ Rxc8 20. Bd3 Ne5 21.
Bb1 Kg7 22. Kf2 h5 23. h3 Ba3 24. Ke2 Nd7 25. Be3 f6 26. h4 Bb2 27. Bd3 Nc5 28.
Bb1 a5 29. Bd2 b4 30. Rd1 1/2-1/2

[Event "Deutsche Ländermeisterschaft 2013"]
[Site "Hannover GER"]
[Date "2013.10.03"]
[Round "3"]
[White "Schwarzat, Julian"]
[Black "Nguyen, Huy Dat"]
[Result "1-0"]
[Termination "normal"]
[Board "4.4"]
[WhiteTitle "20"]
[BlackTitle "14"]
[WhiteElo "2021"]
[BlackElo "1871"]
[WhiteTeam "Schleswig-Holstein"]
[BlackTeam "Thüringen"]
[WhiteFideId "24675857"]
[BlackFideId "12923486"]
[EventCountry "GER"]
[EventRounds "7"]
[EventType "team-swiss"]
[EventDate "2013.10.02"]

1. e3 d5 2. f4 Nf6 3. Nf3 c5 4. b3 Nc6 5. Bb5 e6 6. Bb2 Bd7 7. O-O a6 8. Bxc6
Bxc6 9. Ne5 d4 10. Nxc6 bxc6 11. Qf3 Qd7 12. e4 Be7 13. d3 O-O 14. Nd2 Qc7 15.
Nc4 Nd7 16. Bc1 Nb6 17. Nb2 Bd6 18. Bd2 a5 19. e5 Be7 20. a4 Nd5 21. Nc4 Rfe8
22. f5 Rf8 23. fxe6 f6 24. Qg3 Bd8 25. Bf4 Qa7 26. Rae1 Bc7 27. exf6 Bxf4 28.
f7+ Rxf7 29. exf7+ Qxf7 30. Qg4 Qg6 31. Rxf4 1-0

[Event "Deutsche Ländermeisterschaft 2013"]
[Site "Hannover GER"]
[Date "2013.10.03"]
[Round "3"]
[White "Scheftlein, Richard"]
[Black "Polert, Annika"]
[Result "1/2-1/2"]
[Termination "normal"]
[Board "4.5"]
[WhiteTitle "16"]
[BlackTitle "18w"]
[WhiteElo "1915"]
[BlackElo "1842"]
[WhiteTeam "Thüringen"]
[BlackTeam "Schleswig-Holstein"]
[WhiteFideId "12945609"]
[BlackFideId "24692328"]
[EventCountry "GER"]
[EventRounds "7"]
[EventType "team-swiss"]
[EventDate "2013.10.02"]

1. d4 d5 2. c4 e6 3. Nc3 Nf6 4. cxd5 exd5 5. Bg5 Be7 6. e3 O-O 7. Bd3 c6 8. Qc2
Nbd7 9. Nge2 Re8 10. O-O Nf8 11. Rab1 Ne4 12. Bxe7 Qxe7 13. b4 a6 14. a4 f5 15.
b5 axb5 16. axb5 Qg5 17. bxc6 bxc6 18. Nf4 Qd8 19. Nce2 Bd7 20. Ra1 Rxa1 21.
Rxa1 g5 22. Nh5 Re6 23. Nhg3 Rh6 24. Qa2 Nxg3 25. Nxg3 Qf6 1/2-1/2

[Event "Deutsche Ländermeisterschaft 2013"]
[Site "Hannover GER"]
[Date "2013.10.03"]
[Round "3"]
[White "Rieß, Alexander"]
[Black "Riedel, Erich"]
[Result "1-0"]
[Termination "normal"]
[Board "4.6"]
[WhiteTitle "12"]
[BlackTitle "12"]
[WhiteElo "1776"]
[BlackElo "1739"]
[WhiteTeam "Schleswig-Holstein"]
[BlackTeam "Thüringen"]
[WhiteFideId "12953326"]
[BlackFideId "12958646"]
[EventCountry "GER"]
[EventRounds "7"]
[EventType "team-swiss"]
[EventDate "2013.10.02"]

1. e4 e6 2. d3 d5 3. Nd2 c5 4. g3 g6 5. Bg2 Bg7 6. Ngf3 Ne7 7. O-O Nbc6 8. Qe2
Qc7 9. Re1 O-O 10. Nf1 h6 11. h4 b6 12. N1h2 Kh7 13. h5 g5 14. e5 Nf5 15. c3
Bb7 16. Ng4 Qd8 17. Bd2 Rc8 18. Rad1 Ba6 19. Bc1 Qe7 20. Qc2 Kh8 21. b3 Rfd8
22. Bb2 Rc7 23. c4 d4 24. Qe2 Bb7 25. Bc1 Nb8 26. Nd2 Bxg2 27. Kxg2 Nd7 28. Rh1
Nf8 29. Rde1 Nh7 30. Ne4 Rg8 31. Bd2 Rd8 32. f4 gxf4 33. Bxf4 Rg8 34. Ngf6 Rd8
35. Rhf1 Qf8 36. g4 Ne7 37. Nxh7 Kxh7 38. Nf6+ Bxf6 39. exf6 Nd5 40. cxd5 Rcc8
41. dxe6 fxe6 42. Qxe6 Re8 43. Qf5+ 1-0

[Event "Deutsche Ländermeisterschaft 2013"]
[Site "Hannover GER"]
[Date "2013.10.03"]
[Round "3"]
[White "Ratay, Meike"]
[Black "Rosmait, Emily"]
[Result "0-1"]
[Termination "normal"]
[Board "4.7"]
[WhiteTitle "12w"]
[BlackTitle "16w"]
[WhiteElo "1496"]
[BlackElo "1733"]
[WhiteTeam "Thüringen"]
[BlackTeam "Schleswig-Holstein"]
[WhiteFideId "12977608"]
[BlackFideId "12937754"]
[EventCountry "GER"]
[EventRounds "7"]
[EventType "team-swiss"]
[EventDate "2013.10.02"]

1. e4 e5 2. Nf3 Nc6 3. Bc4 Nf6 4. d3 Be7 5. Nc3 d6 6. h3 O-O 7. O-O Na5 8. Bb3
Re8 9. Nh2 Nxb3 10. axb3 d5 11. Qe2 dxe4 12. dxe4 c6 13. Nf3 Qc7 14. Rd1 h6 15.
Bd2 Be6 16. Rac1 Nd7 17. Nb1 Nc5 18. Bc3 Bd6 19. Nbd2 b5 20. Bb4 a5 21. Bxc5
Bxc5 22. c4 b4 23. Nf1 a4 24. bxa4 Rxa4 25. b3 Ra3 26. Qb2 f6 27. Ra1 Rea8 28.
Rxa3 Rxa3 29. Ra1 Qa7 30. Rxa3 bxa3 31. Qa2 Bxf2+ 32. Kh1 Bc5 33. N1d2 Bf7 34.
Nh4 Bb4 35. Nhf3 Qf2 36. Kh2 Bh5 37. Qa1 Bxf3 38. Nxf3 Qb2 39. Qd1 a2 40. Qd8+
Kf7 41. Ng1 0-1

[Event "Deutsche Ländermeisterschaft 2013"]
[Site "Hannover GER"]
[Date "2013.10.03"]
[Round "3"]
[White "Köhler, Inken"]
[Black "Nguyen, Ha Thanh"]
[Result "1-0"]
[Termination "normal"]
[Board "4.8"]
[WhiteTitle "12w"]
[BlackTitle "12w"]
[WhiteElo "1596"]
[BlackElo "1550"]
[WhiteTeam "Schleswig-Holstein"]
[BlackTeam "Thüringen"]
[WhiteFideId "12929301"]
[BlackFideId "12942154"]
[EventCountry "GER"]
[EventRounds "7"]
[EventType "team-swiss"]
[EventDate "2013.10.02"]

1. e4 c5 2. d4 cxd4 3. c3 Nf6 4. e5 Nd5 5. Nf3 e6 6. cxd4 Be7 7. Bd3 O-O 8. O-O
Nc6 9. a3 d6 10. Qe2 Qb6 11. Qe4 f5 12. exf6 Nxf6 13. Qh4 e5 14. dxe5 Nxe5 15.
Nxe5 dxe5 16. Bxh7+ Nxh7 17. Qxe7 Be6 18. Be3 Qc6 19. Nc3 Rfe8 20. Qc5 Qd7 21.
Rad1 Qf7 22. Nb5 b6 23. Qb4 Red8 24. Qe4 Bc4 25. Nd6 Nf6 26. Qxc4 Qxc4 27. Nxc4
Re8 28. Rfe1 Re6 29. Bf4 e4 30. Rd4 Rae8 31. Nd2 Kf7 32. Bg5 Kg6 33. Bxf6 gxf6
34. Rdxe4 Rxe4 35. Rxe4 Rd8 36. Nf3 Rc8 37. g4 Rc2 38. b4 Ra2 39. Re3 Ra1+ 40.
Kg2 Kh6 41. h4 Rd1 42. Re6 Kg7 43. Re7+ Kg6 44. h5+ Kh6 45. Nh4 Rd8 46. Nf5+
Kg5 47. Kg3 Rd3+ 48. f3 1-0

[Event "Deutsche Ländermeisterschaft 2013"]
[Site "Hannover GER"]
[Date "2013.10.03"]
[Round "3"]
[White "Kollars, Dmitrij"]
[Black "Günnigmann, Manuel"]
[Result "0-1"]
[Termination "normal"]
[Board "5.1"]
[WhiteTitle "14"]
[BlackTitle "20"]
[WhiteElo "2068"]
[BlackElo "2140"]
[WhiteTeam "Bremen"]
[BlackTeam "Niedersachsen 2"]
[WhiteFideId "12909572"]
[BlackFideId "24640360"]
[EventCountry "GER"]
[EventRounds "7"]
[EventType "team-swiss"]
[EventDate "2013.10.02"]

1. e4 c5 2. Nf3 Nc6 3. d4 cxd4 4. Nxd4 Nf6 5. Nc3 e5 6. Ndb5 d6 7. Nd5 Nxd5 8.
exd5 Nb8 9. c4 Be7 10. Bd3 O-O 11. O-O a6 12. Nc3 f5 13. f3 Bg5 14. Kh1 Nd7 15.
b4 Bxc1 16. Rxc1 Qh4 17. Qe2 Rf6 18. g3 Qh3 19. Qg2 Qh6 20. Bc2 Rf8 21. Qf2 Nf6
22. Rg1 e4 23. Rce1 Bd7 24. Bd1 exf3 25. Bxf3 Ng4 26. Bxg4 fxg4 27. Qd4 Rae8
28. Rgf1 Qh3 29. Rxf8+ Rxf8 30. Kg1 Qh6 31. Ne4 Re8 32. Rf1 Qg6 33. Rf4 Bf5 34.
Nd2 h5 35. c5 dxc5 36. bxc5 Kh8 37. Nc4 Re1+ 38. Kg2 Re2+ 39. Rf2 Be4+ 40. Kg1
Re1+ 41. Rf1 Rxf1+ 42. Kxf1 Qf5+ 43. Ke2 Bxd5 44. Nd6 Qf3+ 45. Kd2 Bxa2 46. Kc2
Bg8 47. Qe5 Qb3+ 48. Kd2 Qd5+ 49. Qxd5 Bxd5 50. Kc3 Kg8 51. Kd4 Bc6 52. Nc4 Kf7
53. Ke5 Ke7 54. Kf5 Bf3 55. Kg6 Ke6 56. Na5 Ke5 1-0

[Event "Deutsche Ländermeisterschaft 2013"]
[Site "Hannover GER"]
[Date "2013.10.03"]
[Round "3"]
[White "Kyas, Philipp"]
[Black "Kardoeus, David"]
[Result "1-0"]
[Termination "normal"]
[Board "5.2"]
[WhiteTitle "18"]
[BlackTitle "16"]
[WhiteElo "2060"]
[BlackElo "1973"]
[WhiteTeam "Niedersachsen 2"]
[BlackTeam "Bremen"]
[WhiteFideId "24670936"]
[BlackFideId "12912050"]
[EventCountry "GER"]
[EventRounds "7"]
[EventType "team-swiss"]
[EventDate "2013.10.02"]

1. d4 d5 2. c4 c6 3. Nf3 Nf6 4. Nc3 e6 5. Bg5 Be7 6. e3 O-O 7. cxd5 cxd5 8. Bd3
Qb6 9. Qe2 Bd7 10. O-O Rc8 11. Ne5 Be8 12. Qc2 Qd8 13. Bxf6 Bxf6 14. Bxh7+ Kh8
15. Bd3 b5 16. Qe2 b4 17. Qh5+ Kg8 18. Qh7+ Kf8 19. Ne2 Nc6 20. Nxc6 Bxc6 21.
Ba6 Rc7 22. Rac1 g6 23. Rc5 Bd7 24. Rfc1 Rxc5 25. Rxc5 Qb6 26. Bd3 Rc8 27. Bxg6
Bg7 28. Rxc8+ Bxc8 29. Bb1 f5 30. Nf4 Qc7 31. Ng6+ Kf7 32. Ne5+ Kf8 33. Nd3 Qc4
34. h4 b3 35. a3 e5 36. dxe5 Qe4 37. h5 Bxe5 38. Nxe5 Qxe5 39. Qh6+ Ke7 40.
Qg5+ Kf7 41. Qg6+ Ke7 42. h6 Qxb2 43. Bxf5 Bxf5 44. Qxf5 Qa1+ 45. Kh2 Qf6 46.
Qh5 Qh8 47. h7 Kf6 48. Qh6+ Kf7 49. f4 b2 50. f5 Qe5+ 51. g3 b1=Q 52. Qg6+ Kf8
53. Qh6+ Ke7 54. f6+ Kd7 55. Qh3+ Qbf5 56. h8=Q Qb2+ 57. Qg2 Qxg2+ 58. Kxg2
Qe4+ 59. Kh2 Qc2+ 60. Kh3 Qf5+ 61. Kh4 Qe4+ 62. Kg5 Qxe3+ 63. Kg6 Qe4+ 64. Kg7
Qg4+ 65. Kf8 Qxg3 66. Qg7+ 0-1

[Event "Deutsche Ländermeisterschaft 2013"]
[Site "Hannover GER"]
[Date "2013.10.03"]
[Round "3"]
[White "Kügel, Tobias"]
[Black "Vöge, Tobias"]
[Result "1/2-1/2"]
[Termination "normal"]
[Board "5.3"]
[WhiteTitle "18"]
[BlackTitle "16"]
[WhiteElo "2086"]
[BlackElo "1937"]
[WhiteTeam "Bremen"]
[BlackTeam "Niedersachsen 2"]
[WhiteFideId "4636295"]
[BlackFideId "1270513"]
[EventCountry "GER"]
[EventRounds "7"]
[EventType "team-swiss"]
[EventDate "2013.10.02"]

1. e4 c5 2. c4 Nc6 3. Ne2 g6 4. d4 cxd4 5. Nxd4 Bg7 6. Be3 Nf6 7. Nc3 Ng4 8.
Qxg4 Nxd4 9. Qd1 Ne6 10. Qd2 d6 11. g3 O-O 12. Nd5 Nc5 13. Bg2 Bxb2 14. Rd1 Na4
15. O-O b6 16. e5 Bxe5 17. f4 Bg7 18. Nxe7+ Qxe7 19. Bxa8 Bh3 20. Bg2 Bxg2 21.
Kxg2 Qe4+ 22. Kg1 Nb2 23. Rde1 Nxc4 24. Qf2 Qd3 25. Kg2 d5 26. Bc1 d4 27. Rd1
Qe4+ 28. Qf3 Qc2+ 29. Qf2 Qe4+ 30. Qf3 Qc2+ 31. Qf2 Qf5 32. Qe2 b5 33. g4 Qd5+
34. Qf3 Nb6 35. f5 Be5 36. Rfe1 f6 37. Qxd5+ Nxd5 38. Kf3 Rc8 39. Bd2 Rc2 40.
a3 Nb6 41. Bb4 Rxh2 42. Rh1 Rc2 43. Rh6 gxf5 44. gxf5 Rc7 45. Rg1+ Rg7 46.
Rxg7+ Kxg7 47. Rh1 Nc4 48. Rg1+ Kh6 49. Ke4 1/2-1/2

[Event "Deutsche Ländermeisterschaft 2013"]
[Site "Hannover GER"]
[Date "2013.10.03"]
[Round "3"]
[White "Rinck, Michael"]
[Black "Rockmann, Jan-Okke"]
[Result "1/2-1/2"]
[Termination "normal"]
[Board "5.4"]
[WhiteTitle "14"]
[BlackTitle "12"]
[WhiteElo "1830"]
[BlackElo "1783"]
[WhiteTeam "Niedersachsen 2"]
[BlackTeam "Bremen"]
[WhiteFideId "24690104"]
[BlackFideId "12942111"]
[EventCountry "GER"]
[EventRounds "7"]
[EventType "team-swiss"]
[EventDate "2013.10.02"]

1. e4 e5 2. Nf3 d6 3. d4 exd4 4. Nxd4 Nf6 5. Nc3 Be7 6. Bc4 O-O 7. O-O Nc6 8.
Nxc6 bxc6 9. Re1 Nd7 10. Bf4 Bf6 11. Qf3 Ne5 12. Bxe5 Bxe5 13. Rad1 Qg5 14. h3
Kh8 15. Ne2 f5 16. Nd4 Qh4 17. Nxc6 Bxb2 18. Qb3 fxe4 19. Qxb2 e3 20. f4 Qf2+
21. Kh1 Bxh3 22. Bd5 e2 23. Rb1 Rxf4 24. gxh3 Rf3 25. Bxf3 1/2-1/2

[Event "Deutsche Ländermeisterschaft 2013"]
[Site "Hannover GER"]
[Date "2013.10.03"]
[Round "3"]
[White "Wachinger, David"]
[Black "Evers, Annika"]
[Result "1-0"]
[Termination "normal"]
[Board "5.5"]
[WhiteTitle "16"]
[BlackTitle "20w"]
[WhiteElo "1792"]
[BlackElo "1810"]
[WhiteTeam "Bremen"]
[BlackTeam "Niedersachsen 2"]
[WhiteFideId "24692689"]
[BlackFideId "24691933"]
[EventCountry "GER"]
[EventRounds "7"]
[EventType "team-swiss"]
[EventDate "2013.10.02"]

1. e4 c5 2. c4 Nc6 3. Ne2 e6 4. d4 cxd4 5. Nxd4 Nf6 6. Nc3 Bb4 7. Nxc6 bxc6 8.
Bd3 d5 9. exd5 exd5 10. O-O O-O 11. cxd5 cxd5 12. Bg5 Be6 13. Nb5 a6 14. Nd4
Bd7 15. Qb3 Bc5 16. Nf3 Be6 17. Qa4 h6 18. Bh4 Qe8 19. Qxe8 Nxe8 20. Rac1 Bb6
21. Be7 Nc7 22. Bxf8 Kxf8 23. Rc6 Rb8 24. Rfc1 Nb5 25. Ne5 Ke7 26. Bxb5 axb5
27. Nd3 Bd7 28. Re1+ Be6 29. Nf4 Kd7 30. Rcc1 Ra8 31. Nxe6 fxe6 32. a3 Ra7 33.
g3 Rc7 34. Rxc7+ Bxc7 35. f3 e5 36. Kf1 Ke6 37. Rc1 Kd6 38. Ke2 Bb6 39. Kd3 Bd4
40. Rc2 g5 41. g4 Kd7 42. b3 Bb6 43. a4 b4 44. Rc1 Bd4 45. h3 Bb6 46. Rc2 Bd4
47. h4 Bc3 48. hxg5 hxg5 49. Rh2 Bd4 50. Rh6 Ke7 51. Rg6 Bc3 52. Rxg5 Kf7 53.
a5 Be1 54. Rxe5 1-0

[Event "Deutsche Ländermeisterschaft 2013"]
[Site "Hannover GER"]
[Date "2013.10.03"]
[Round "3"]
[White "Phunhon Lopez, Daniel A."]
[Black "Erofeev, Anastasia"]
[Result "0-1"]
[Termination "normal"]
[Board "5.6"]
[WhiteTitle "12"]
[BlackTitle "20w"]
[WhiteElo "1764"]
[BlackElo "1763"]
[WhiteTeam "Niedersachsen 2"]
[BlackTeam "Bremen"]
[WhiteFideId "12952567"]
[BlackFideId "12917915"]
[EventCountry "GER"]
[EventRounds "7"]
[EventType "team-swiss"]
[EventDate "2013.10.02"]

1. e4 e5 2. Nc3 Bc5 3. Bc4 Nf6 4. Nf3 Nc6 5. d3 d6 6. h3 Be6 7. Bb3 Nd4 8. Bg5
c6 9. Na4 Bxb3 10. axb3 Ne6 11. Qd2 a6 12. Nxc5 Nxc5 13. Qe3 Ne6 14. Bxf6 Qxf6
15. Qb6 Qe7 16. g3 O-O 17. Nh4 Nd4 18. O-O-O a5 19. c3 Ra6 20. Qxa6 bxa6 21.
cxd4 exd4 22. Nf5 Qf6 23. Kc2 g6 24. Nh6+ Kg7 25. Ng4 Qe6 26. Ra1 Rb8 27. Ra3
h5 28. Nh2 Qxh3 29. Raa1 Qe6 30. Ra3 d5 31. Re1 dxe4 32. Rxe4 Qf5 33. Rf4 Qc5+
34. Kd2 Qd5 35. Nf3 Rxb3 36. Rxd4 Rxb2+ 37. Ke3 Qc5 38. Raa4 Qc1+ 0-1

[Event "Deutsche Ländermeisterschaft 2013"]
[Site "Hannover GER"]
[Date "2013.10.03"]
[Round "3"]
[White "Silber, Stefanie"]
[Black "Schlichter, Lisa"]
[Result "1-0"]
[Termination "normal"]
[Board "5.7"]
[WhiteTitle "14w"]
[BlackTitle "16w"]
[WhiteElo "1342"]
[BlackElo "1664"]
[WhiteTeam "Bremen"]
[BlackTeam "Niedersachsen 2"]
[WhiteFideId "12918245"]
[BlackFideId "12926396"]
[EventCountry "GER"]
[EventRounds "7"]
[EventType "team-swiss"]
[EventDate "2013.10.02"]

1. e4 c5 2. d4 cxd4 3. c3 Nc6 4. cxd4 d5 5. e5 e6 6. Nf3 Nge7 7. Bd3 Nf5 8.
Bxf5 exf5 9. O-O Be7 10. Nc3 O-O 11. Qb3 Be6 12. Qxb7 Na5 13. Qb5 Nc4 14. Qb3
Rb8 15. Qc2 Qc8 16. b3 Nb6 17. Bd2 Qc6 18. Qd3 Rfc8 19. Rac1 Qd7 20. Ne2 Ba3
21. Rxc8+ Rxc8 22. Bc1 Be7 23. Bb2 Qd8 24. Rc1 Bb4 25. Rxc8 Qxc8 26. Bc3 Be7
27. Bd2 Kf8 28. Kf1 Bd7 29. Qc3 Ke8 30. Qxc8+ Bxc8 31. Nc3 a6 32. a4 Bd7 33. a5
Nc8 34. Nxd5 Bd8 35. Bc3 Be6 36. Ne3 Bxb3 37. Nxf5 g6 38. Ne3 Ne7 39. Ng5 h6
40. Ne4 Nc6 41. Nc5 Ba2 42. Nxa6 Nxa5 43. Nb4 Be6 44. Ke2 Bd7 45. Kd3 Ke7 46.
Nbd5+ Ke8 47. Bxa5 Bxa5 48. Nf6+ Ke7 49. Nxd7 Kxd7 50. Nc4 Bc7 51. Ke4 Bd8 52.
f4 Ke7 53. f5 1-0

[Event "Deutsche Ländermeisterschaft 2013"]
[Site "Hannover GER"]
[Date "2013.10.03"]
[Round "3"]
[White "Mönster, Madita"]
[Black "Sinnhöfer, Lilian"]
[Result "1-0"]
[Termination "normal"]
[Board "5.8"]
[WhiteTitle "12w"]
[BlackTitle "12w"]
[WhiteElo "1545"]
[BlackElo "972"]
[WhiteTeam "Niedersachsen 2"]
[BlackTeam "Bremen"]
[WhiteFideId "12947156"]
[BlackFideId "12977586"]
[EventCountry "GER"]
[EventRounds "7"]
[EventType "team-swiss"]
[EventDate "2013.10.02"]

1. e4 e5 2. Nf3 Nc6 3. Bc4 Be7 4. d4 exd4 5. Nxd4 Bc5 6. Nxc6 bxc6 7. Qh5 Nh6
8. Qxc5 Qf6 9. Nc3 Bb7 10. Bg5 d6 11. Bxf6 dxc5 12. Bxg7 Rg8 13. Bxh6 O-O-O 14.
Bf4 Rgf8 15. O-O f5 16. exf5 Rxf5 17. Be6+ Kb8 18. Bxf5 Ba6 19. Rfe1 Rf8 20. g4
h5 21. Bg3 hxg4 22. Bxg4 Rg8 23. Bh3 Bc8 24. Bxc8 Kxc8 25. Re7 Kd8 26. Rxc7 a5
27. Rd1+ Ke8 28. Kf1 Rg6 29. Bh4 Rd6 30. Rxd6 Kf8 31. Rd8# 1-0